000 00862nmm a2200253 a 4500
001 ocm000701923
003 TR-IsHL
005 20201028135131.0
008 131203s2001 tu tur
007 cr cn
035 _a701923
_b(N$T)
050 0 4 _aHD9866.T9
_bE9 2001
090 0 4 _aHD9866.T9
_bE9 2001
245 1 0 _aEv tekstili sektör araştırması
_h[electronic resource] /
_cİstanbul Ticaret Odası
260 _aİstanbul :
_bİstanbul Ticaret Odası,
_c2001
300 _a28 p.
650 4 _aEkonomi ve Finans
650 4 _aEconomics and Finance
650 0 _aTekstil sektörü
650 0 _aTextile industry
650 7 _aBUSINESS & ECONOMICS / Industries / Fashion & Textile Industry
_2bisacsh
700 1 _aİstanbul Ticaret Odası
856 4 0 _uhttp://search.ebscohost.com/login.aspx?direct=true&scope=site&db=e011xww&AN=701923
999 _c6576
_d6576